000 00524nam a2200205Ia 4500
003 GCL
008 140319s9999 xx 000 0 aFre d
020 _a3822801615
040 _aGCL /
_cGCL
082 0 4 _a759
_bH R
100 1 _aHENDRICKSON, JANIS
245 1 0 _aROY LICHTENSTEIN /
_cHENDRICKSON, JANIS
260 _aالمانيا :
_bBENEDIKT TASCHEN ،
_c1994
300 _a96 P
_bILL. ؛
_c30 cm.
650 0 4 _aARTS
650 0 4 _aPAINTING
650 0 4 _aPAINTERS
650 0 4 _aLICHTENSTIAN, ROY
942 _2ddc
_cBK
999 _c7641
_d7641